Travaux de la Commission de Réforme du Code Civil

保存先:
書誌詳細
フォーマット: 図書
言語:フランス語
出版事項: París Sirey 1952
主題:
タグ: タグ追加
タグなし, このレコードへの初めてのタグを付けませんか!

MARC

LEADER 00000nam a2200000 a 4500
001 UCS1728
003 CL-VaPUC
008 970515e19520000FR |||||||||||||||||fre|d
082 0 4 |a 346.44  |b TRA  |2 21 
245 1 0 |a Travaux de la Commission de Réforme du Code Civil 
300 |a 595 p 
942 |c BK 
945 |d 19970515 00:00:00  |a paguirre 
260 |a París  |b Sirey  |c 1952 
500 |a Année 1950 - 1951 
650 0 |a Derecho civil  |9 255013 
650 0 |a Códigos  |9 352314 
650 0 |a Personas jurídicas  |9 257259 
650 7 |a DOMICILIO  |2 CL-VaPUC  |9 371886 
650 0 |a Filiación  |9 256647 
650 0 |a Bienes  |9 255749 
650 7 |a MATRIMONIO  |2 CL-VaPUC  |9 386459 
650 0 |a Regímenes matrimoniales  |9 357525 
650 0 |a Separación de bienes  |9 357529 
651 0 |a Francia  |9 255157 
583 |a last modification  |c 19970515 00:00:00  |k Rodrigo Vera 
999 |c 259760  |d 259758 
952 |0 0  |1 0  |4 0  |6 346_440000000000000_TRA_1952  |7 0  |8 A  |9 285075  |a BIBDER  |b BIBDER  |d 2019-11-19  |i 1850326  |o 346.44 TRA 1952  |p 1850326  |r 2023-01-25  |w 2019-11-19  |y BK  |k DER